AS Roma Current Squad (24/25) - Statistics

General Stats
  • This quiz has been taken 20 times
    19 since last reset
  • The average score is 15 of 27
Answer Stats
Answer % Correct
Artem Dovbyk
88%
Mile Svilar
88%
Paulo Dybala
81%
Bryan Cristante
75%
Evan Ndicka
75%
Gianluca Mancini
75%
Mats Hummels
75%
Eldor Shomurodov
69%
Leandro Paredes
69%
Lorenzo Pellegrini
69%
Manu Koné
69%
Zeki Çelik
69%
Angeliño
63%
Claudio Ranieri
63%
Niccolò Pisilli
63%
Pierluigi Gollini
63%
Devyne Rensch
50%
Tommaso Baldanzi
50%
Alexis Saelemaekers
38%
Buba Sangaré
38%
Matías Soulé
38%
Saud Abdulhamid
38%
Stephan El Shaarawy
38%
Anass Salah-Eddine
31%
Victor Nelsson
31%
Renato Marin
19%
Lucas Gourna-Douath
13%
No matching quizzes found
Score Distribution
Percent of People with Each Score
Percentile by Number Answered
Your Score History
You have not taken this quiz since the last reset